Statistics for I'm Only Me When I'm With You - Taylor Swift (All Lyrics)

Click here to take the quiz!

General Stats

  • This quiz has been taken 30 times
    (16 since last reset)
  • The average score is 271 of 307

Answer Stats

Lyrics% Correct
a
100%
And
100%
and
100%
be
100%
Everything
100%
everything
100%
here
100%
I
100%
In
100%
in
100%
is
100%
know
100%
My
100%
my
100%
need
100%
right
100%
The
100%
the
100%
When
100%
when
100%
Who
100%
With
100%
with
100%
You
100%
you
100%
your
100%
about
90%
boy
90%
can
90%
can't
90%
crazy
90%
do
90%
Don't
90%
don't
90%
feel
90%
girl
90%
I'm
90%
it
90%
It's
90%
Just
90%
like
90%
live
90%
Livin'
90%
me
90%
myself
90%
on
90%
only
90%
small
90%
that
90%
That
90%
to
90%
town
90%
try
90%
wanna
90%
we
90%
what
90%
without
90%
world
90%
you're
90%
anybody
80%
are
80%
beneath
80%
by
80%
down
80%
drive
80%
else
80%
figure
80%
fly
80%
Friday
80%
ground
80%
half
80%
half,
80%
hard
80%
if
80%
isn't
80%
Let
80%
matter
80%
night
80%
no
80%
not
80%
other
80%
out
80%
pictures
80%
say
80%
side
80%
sky
80%
stars
80%
still
80%
tell
80%
time
80%
true
80%
tryin'
80%
up
80%
Well,
80%
yard
80%
behind
70%
crickets
70%
field
70%
gets
70%
listen
70%
nobody
70%
painting
70%
sing
70%
so
70%
tears
70%
thing
70%
Tryna
70%
hide
60%
Yeah
60%
deepest
50%
fears
50%
huh
50%
or
50%
secrets
50%
sometimes,
50%
Uh
50%
all,
40%
Through
40%

Score Distribution

Percentile by Number Answered

Percent of People with Each Score

Your Score History

You have not taken this quiz since the last reset